书目信息 |
| 题名: |
音乐治疗导论
|
|
| 作者: | 高天 编著 | |
| 分册: | ||
| 出版信息: | 北京 世界图书出版公司北京公司 2008 |
|
| 页数: | 261页 | |
| 开本: | 21cm | |
| 丛书名: | ||
| 单 册: | ||
| 中图分类: | R454.3 | |
| 科图分类: | ||
| 主题词: | 音乐疗法 | |
| 电子资源: | ||
| ISBN: | 978-7-5062-8769-2 | |
| 000 | 00819nam0 2200241 45 | |
| 005 | 20100303151458.43 | |
| 010 | @a978-7-5062-8769-2@dCNY22.00 | |
| 100 | @a20100121d2008 em y0chiy0110 ea | |
| 101 | 0 | @achi |
| 102 | @aCN@b110000 | |
| 105 | @aa z 000yy | |
| 106 | @ar | |
| 200 | 1 | @a音乐治疗导论@AYin Le Zhi Liao Dao Lun@dAn introduction to music therapy@f高天编著@FGao Tian Bian Zhu@zeng |
| 205 | @a修订版 | |
| 210 | @a北京@c世界图书出版公司北京公司@d2008 | |
| 215 | @a261页@c图@d21cm | |
| 330 | @a本书介绍了音乐治疗的历史、定义、基本原理、方法技术及临床应用,并附有即兴演奏治疗方法案例和GIM治疗案例。 | |
| 510 | 1 | @aIntroduction to music therapy@zeng |
| 606 | 0 | @a音乐疗法 |
| 690 | @aR454.3@v4 | |
| 701 | 0 | @a高天@AGao Tian@4编著 |
| 801 | 0 | @aCN@bTANGWEI@c20100303 |
| 905 | @b0585650-54@dR454.3@e76=2@f5 | |
| 音乐治疗导论=An introduction to music therapy/高天编著.-修订版.-北京:世界图书出版公司北京公司,2008 |
| 261页:图;21cm |
| ISBN 978-7-5062-8769-2:CNY22.00 |
| 本书介绍了音乐治疗的历史、定义、基本原理、方法技术及临床应用,并附有即兴演奏治疗方法案例和GIM治疗案例。 |
| ● |
| 相关链接 |
|
|
|
|
正题名:音乐治疗导论
索取号:R454.3/76=2
 
预约/预借
| 序号 | 登录号 | 条形码 | 馆藏地/架位号 | 状态 | 备注 |
| 1 | 0585650 | 205856509 | 第二样本阅览室/ [索取号:R454.3/76=2] | 在馆 | |
| 2 | 0585651 | 205856518 | 第三借阅区/ [索取号:R454.3/76=2] | 在馆 | |
| 3 | 0585652 | 205856527 | 教育系资料室/ [索取号:R454.3/76=2] | 在馆 | |
| 4 | 0585653 | 205856536 | 第三借阅区/ [索取号:R454.3/76=2] | 在馆 | |
| 5 | 0585654 | 205856545 | 第三借阅区/ [索取号:R454.3/76=2] | 在馆 |